Laddar...

Human Development Dimension & Strategies

Bibliografiska uppgifter
Huvudupphovsman: Himanshu Sekhar Rout
Övriga upphovsmän: Prasant Kumar Pranda
Materialtyp: Printed Book
Publicerad: New Delhi New Century Publications 2009
Upplaga:1st
Ämnen:
LEADER 00614nam a22001817a 4500
003 OSt
020 |a 9788177081985 
082 |a 307.14  |b HIM/HU 
100 |a Himanshu Sekhar Rout 
245 |a Human Development   |b Dimension & Strategies 
250 |a 1st 
260 |a New Delhi  |b New Century Publications  |c 2009 
300 |a 402 
650 |a Regional Planning ,national Development and Conflict Resolution 
700 |a Prasant Kumar Pranda 
942 |2 ddc  |c BK 
999 |c 188646  |d 188646 
952 |0 0  |1 0  |2 ddc  |4 0  |6 307_140000000000000_HIM_HU  |7 0  |9 194791  |a KAUCBV  |b KAUCBV  |d 2015-02-27  |g 0.00  |o 307.14 HIM/HU  |r 2015-02-27  |w 2015-02-27  |y BK